| 000 | 01539nam a2200361 i 4500 | ||
|---|---|---|---|
| 001 | 197612 | ||
| 003 | ES-MaACL | ||
| 005 | 20250805062651.0 | ||
| 007 | ta | ||
| 008 | 890406s1982 sp a o 0 spa | ||
| 016 | 7 |
_abimoBNE19921841767 _zIBH82022643 _2SpMaBN |
|
| 017 |
_aM 10068-1982 _bOficina Depósito Legal Madrid |
||
| 035 | _a(OCoLC)434531269 | ||
| 035 | _a(SpMaBN)bimo0000255334 | ||
| 035 | _a991015427709708606 | ||
| 040 |
_aIBH _bspa _cSpMaBN _erdc |
||
| 080 | _a7.034(460.285 T.)(083.824) | ||
| 245 | 0 | 3 |
_aEl Toledo de Domyco. Theotocopuly el Greco : _bToledo, Hospital de Tavera, Iglesia de San Pedro Mártir, abril-junio, 1982 |
| 260 |
_a[Madrid] _bMinisterio de Cultura, Dirección General de Bellas Artes, Archivos y Bibliotecas _c[1982] |
||
| 300 |
_a269 p., 1 h. _bilustración negro y color _c30 cm |
||
| 336 |
_2rdacontent _atexto |
||
| 337 |
_2rdamedia _asin mediación |
||
| 338 |
_2rdacarrier _avolumen |
||
| 504 | _aBibliografía: p. 255-262. Índices | ||
| 650 | 6 |
_aArte- _zToledo- _vExposiciones _2embne _9240973 |
|
| 710 | 1 |
_aEspaña. _bDirección General de Bellas Artes, Archivos y Bibliotecas _93705 |
|
| 852 |
_aES-MaACL _cDEPO1 _jA-15700 _hDonación: Fernando Codina Rodríguez _xEncuadernación rústica con solapas _9206058 |
||
| 903 |
_aCodina Rodríguez, Fernando _ednr _9238631 |
||
| 942 |
_n0 _cMONOGRAFIA |
||
| 999 |
_c197612 _d197612 |
||